| 000 | 00428nam a22001697a 4500 | ||
|---|---|---|---|
| 005 | 20180703153708.0 | ||
| 008 | 160611b xxu||||| |||| 00| 0 eng d | ||
| 020 | _a9788121918015 | ||
| 041 | _aeng | ||
| 082 |
_b6915 _a658.11 |
||
| 100 |
_aKhanka, S.S. _9279 |
||
| 245 | _aEntrepreneurial Development | ||
| 260 |
_aNew Delhi _bS. Chand & Company Pvt. Ltd. _c1999 |
||
| 300 | _a405p, | ||
| 650 |
_aManagement _9241 |
||
| 942 | _cBK | ||
| 999 |
_c2407 _d2406 |
||